Tatikh Adbiyak-E-iran (Record no. 2111)

MARC details
000 -LEADER
fixed length control field 00569nam a2200229 a 4500
020 ## - INTERNATIONAL STANDARD BOOK NUMBER
ISBN
082 00 - DEWEY DECIMAL CLASSIFICATION NUMBER
Classification number 891.53
Author Cutter HUM
100 ## - MAIN ENTRY--AUTHOR NAME
Author name Humai, Mirza Jalaluddin
245 ## - TITLE STATEMENT
Title Tatikh Adbiyak-E-iran
260 ## - PUBLICATION, DISTRIBUTION, ETC. (IMPRINT)
Place of publication Persia
Name of publisher No Publishers
Year of publication 0000
300 ## - PHYSICAL DESCRIPTION
Number of Pages 408p
500 ## - GENERAL NOTE
General note includes index and biblioraphy
650 ## - SUBJECT ADDED ENTRY--TOPICAL TERM
Topical Term Persian Literature-History
942 ## - ADDED ENTRY ELEMENTS (KOHA)
Koha item type Books
700 1# -
-- Humai, Mirza Jalaluddin
Holdings
Collection code Home library Current library Date acquired Cost, normal purchase price Full call number Accession Number Koha item type
  Henry Martyn Institute Library Henry Martyn Institute Library 06/20/2007 100.00 891.53 HUM 04073 Books
                   Copyright © 2026 | Henry Martyn Institute | Hyderabad | TS-500052 | INDIA | Implemented by hmi.edu.in
Hit-Count:

Powered by Koha